|
|
|
|
| LEADER |
01243nam a2200301 4500 |
| 001 |
00023378 |
| 008 |
111114s1992 bg w 000 0 mul d |
| 040 |
|
|
|a BD-DhAAL
|c BD-DhAAL
|
| 082 |
0 |
0 |
|a 348.5492/046
|2 22
|
| 999 |
|
|
|c 11424
|d 11424
|
| 999 |
|
|
|c 11424
|
| 130 |
0 |
|
|a BLD
|9 796
|
| 245 |
0 |
4 |
|a Bangladesh Legal Decisions,
|c editor A.T.M. Kamrul Islam
|n volume no.12
|
| 246 |
1 |
7 |
|a B.L.D.
|
| 260 |
|
|
|a Dhaka :
|b Bangladesh Bar Council,
|c 1992
|
| 300 |
|
|
|a Various pagings ;
|c 24 cm.
|
| 362 |
0 |
|
|a Vol.XII,1992
|
| 500 |
|
|
|a REGN. NO. DA513, Volume XII
|
| 500 |
|
|
|a Appellate Div.High Court Div. BD, Statutes
|
| 541 |
|
|
|e 00023378
|
| 590 |
|
|
|a Published yearly.
|
| 650 |
|
0 |
|a Law reports, digests, etc.
|z Bangladesh.
|9 1674
|
| 700 |
1 |
|
|a Islam,A.T.M. Kamrul
|9 1675
|
| 710 |
1 |
|
|a Bangladesh Bar Council.
|9 799
|
| 852 |
4 |
|
|a Ayesha Abed Library
|j General shelf
|
| 942 |
|
|
|2 ddc
|c BK
|
| 952 |
|
|
|0 0
|1 0
|2 ddc
|4 0
|6 348_549204600000000_BAN
|7 0
|8 REF
|9 18568
|a BRACUL
|b BRACUL
|c CIR
|d 2011-11-16
|l 2
|o 348.5492046 BAN
|p 3010023378
|r 2013-08-25
|s 2013-08-25
|t 1
|w 2011-11-16
|y 1HOUR
|x Available
|
| 952 |
|
|
|0 0
|1 0
|2 ddc
|4 0
|6 348_549204600000000_BAN
|7 0
|9 43928
|a BRACUL
|b BRACUL
|c CIR
|d 2014-10-23
|e Anupam Gyan
|g 914.00
|l 0
|o 348.5492046 BAN
|p 3010028056
|r 2014-10-23
|t 2
|w 2014-10-23
|y 1HOUR
|